| 000 | 00810nam a22002297a 4500 | ||
|---|---|---|---|
| 001 | 48258 | ||
| 003 | BD-RjUL | ||
| 005 | 20211209054504.0 | ||
| 008 | 160813s1966 bg ||||| |||| 00| 0 ben d | ||
| 020 | _c: TK 2.50 | ||
| 035 | _a(BD-RjUL)48377 | ||
| 040 |
_aBD-RjUL _bben _cBD-RjUL |
||
| 041 | _aben | ||
| 082 |
_223 _a891.442 _bISD 1966 |
||
| 100 |
_aইসলাম, মোজহারুল _9146116 |
||
| 245 | 1 | 0 |
_aদিল্লীর মসনদ : _bঐতিহাসিক নাটক / _cমোজহারুল ইসলাম |
| 260 |
_aঢাকা : _bস্টুডেন্ট ওয়েজ, _c১৯৬৬ |
||
| 300 |
_a১৮২ পৃ. ; _c১৯ সেমি. |
||
| 650 |
_aবাংলা নাটক _9146135 |
||
| 650 |
_aBengali Drama _9146136 |
||
| 942 |
_2ddc _cBK |
||
| 999 |
_c48258 _d48258 |
||